| 000 | 00729nam a22002177a 4500 | ||
|---|---|---|---|
| 005 | 20241023155050.0 | ||
| 008 | 240520b vm ||||| |||| 00| | vie d | ||
| 020 | _a1591397073 | ||
| 041 | _aeng | ||
| 082 |
_bULR _a658.3 |
||
| 100 | _aUlrich, David | ||
| 245 |
_aThe HR Value Proposition / _cDavid Ulrich, Wayne Brockbank |
||
| 260 |
_aAmerica : _bPress, _c2005 |
||
| 300 |
_a314 p. ; _c21 cm. |
||
| 650 | _aHuman resourse mangement | ||
| 653 | _aQuản lý nhân sự | ||
| 700 | _aBrockbank, Wayne | ||
| 856 | 4 | 0 | _uThe HR Value Proposition |
| 919 |
_aChương trình thạc sĩ MFM _bSách tham khảo chương trình thạc sĩ MFM _cINS7010 _dQuản trị nhân sự _dHuman Resources Management |
||
| 942 |
_2ddc _cBK |
||
| 999 |
_c10599 _d10599 |
||